| 000 | 00735nam a22002417a 4500 | ||
|---|---|---|---|
| 001 | 7986 | ||
| 003 | FISKH | ||
| 005 | 20250818093533.0 | ||
| 008 | 250818b cb ||||| |||| 00| 0 eng d | ||
| 020 | _a9780766040007 | ||
| 040 |
_aFISKH _beng _cFISKH _dFISKH |
||
| 050 | _aQL767.S7438 | ||
| 082 | _a590 | ||
| 100 | _aStewart, Melissa | ||
| 245 |
_aPurple animals / _c Melissa Stewart |
||
| 260 |
_aGuangdong : _bEnslow Elementary, _c2012. |
||
| 300 |
_a23 pages : _bcolor illustrations ; _c19 cm |
||
| 505 | _aNP | ||
| 520 | _a"Introduces pre-readers to simple concepts about purple animals using short sentences and repetition of words"--Provided by publisher. | ||
| 650 | _aAnimals | ||
| 942 |
_2ddc _cBK _n0 |
||
| 999 |
_c7986 _d7986 |
||